000 01292nam a2200325 i 4500
003 EG-GICUC
005 20260121101340.0
008 251124s1982 us ||||fr|||| 001 0 ara d
017 _a1981/4319
040 _a EG-GICUC
_bara
_c EG-GICUC
_d EG-GICUC
_erda
041 _aara
082 0 4 _a343.4
_bع ب . ع
_221
092 0 4 _221
099 _aLaw1 10 343.4 ع ب . ع 1982 1006917
100 0 _aعبد الوهاب علي سويد.
_eمعد.
245 1 2 _aالعقوبات الجنائية في القوانين المدنية /
_cإعداد عبد الوهاب علي سويد، مخلص محمد الجمال.
264 1 _aالقاهرة :
_bمطبعة دار البيان بمصر،
_c1982.
300 _a103 صفحة ؛
_c24 سم.
_bإيضاحيات، صور، مثيليات ؛
336 _2rda content
_atext
337 _2rda media
_aComputer
338 _2rda carrier
_aOnline Resource
504 _aيشتمل على ارجاعات ببليوجرافية.
546 _aالنص باللغة العربية
650 1 _aالتشريعات الجنائية الخاصة.
_2qrmak
651 1 _2qrmak
700 _aمخلص محمد الجمال.
_eمعد.
856 4 0 _uhttps://fll.law.cu.edu.eg/fulltext/bks/B10-06917.pdf
905 _a18
942 _2ddc
_n0
_cBK
_e21
999 _c45798
_d45798